Elementary Statistics: A Step By Step Approach /

This manual contains detailed solutions to all odd-numbered text exercises and all quiz questions. --This text refers to an out of print or unavailable edition of this title.

সংরক্ষণ করুন:
গ্রন্থ-পঞ্জীর বিবরন
প্রধান লেখক: G.Bluman Allan
বিন্যাস: গ্রন্থ
ভাষা:Vietnamese
প্রকাশিত: American : McGraw -Hill , 2004
বিষয়গুলি:
ট্যাগগুলো: ট্যাগ যুক্ত করুন
কোনো ট্যাগ নেই, প্রথমজন হিসাবে ট্যাগ করুন!
Thư viện lưu trữ: Thư viện Trường CĐ Kỹ Thuật Cao Thắng
LEADER 00799nam a2200217 a 4500
001 TVCDKTCT8636
003 Thư viện trường Cao đẳng Kỹ thuật Cao Thắng
005 20080306000000
008 080306
980 \ \ |a Thư viện Trường CĐ Kỹ Thuật Cao Thắng 
024 |a RG_1 #1 eb0 i1 
020 # # |a 0072976217 
041 0 # |a vie 
082 # # |a 519.5 /   |b BL500M-e 
100 1 # |a G.Bluman Allan 
245 0 0 |a Elementary Statistics: A Step By Step Approach /  |c G.Bluman Allan 
260 # # |a American :  |b McGraw -Hill ,  |c 2004 
300 # # |a 696tr. 
520 # # |a This manual contains detailed solutions to all odd-numbered text exercises and all quiz questions. --This text refers to an out of print or unavailable edition of this title. 
650 # 4 |a Statistics 
650 # 4 |a Textbooks